|
|
|
|
| LEADER |
00000nam0a2200000 4500 |
| 001 |
121665 |
| 005 |
20231101215708.0 |
| 035 |
|
|
|a (RuTPU)RU\TPU\book\131757
|
| 090 |
|
|
|a 121665
|
| 100 |
|
|
|a 20070919d1985 k y0rusy50 ca
|
| 101 |
0 |
|
|a rus
|
| 102 |
|
|
|a RU
|
| 105 |
|
|
|a a z 001zy
|
| 200 |
1 |
|
|a Оптические системы передачи информации по атмосферному каналу
|f Р. А. Казарян [и др.]
|g под ред. Р. А. Казаряна
|
| 210 |
|
|
|a Москва
|c Радио и связь
|d 1985
|
| 215 |
|
|
|a 208 с.
|c ил.
|
| 320 |
|
|
|a Список литературы: с.198-205
|
| 606 |
|
|
|a Лазерное излучение
|x Распространение в атмосфере
|2 stltpush
|3 (RuTPU)RU\TPU\subj\39811
|9 59720
|
| 610 |
1 |
|
|a оптические системы
|
| 610 |
1 |
|
|a передачи
|
| 610 |
1 |
|
|a информация
|
| 610 |
1 |
|
|a лазерные пучки
|
| 610 |
1 |
|
|a турбулентная атмосфера
|
| 610 |
1 |
|
|a оптические сигналы
|
| 675 |
|
|
|a 621.373.826.01
|v 3
|
| 701 |
|
1 |
|a Казарян
|b Р. А.
|g Рафаэль Аветисович
|
| 701 |
|
1 |
|a Оганесян
|b А. В.
|g Александр Вирабович
|
| 701 |
|
1 |
|a Погосян
|b К. П.
|g Карен Погосович
|
| 701 |
|
1 |
|a Милютин
|b Е. Р.
|g Евгений Рафаилович
|
| 702 |
|
1 |
|a Казарян
|b Р. А.
|g Рафаэль Аветисович
|4 340
|
| 801 |
|
1 |
|a RU
|b 63413507
|c 20070919
|g PSBO
|
| 801 |
|
2 |
|a RU
|b 63413507
|c 20180517
|g PSBO
|
| 942 |
|
|
|c BK
|